Les 20 plus grandes villes du Territoire de Belfort sur une carte - Statistiques

Statistiques générales
  • Ce quiz a été pris 54 fois
  • Le résultat moyen est 8 sur 20
Réponses sur la Carte
Les réponses sont colorées sur une échelle allant du rouge au vert en fonction du pourcentage des utilisateurs qui les ont devinées à leur premier essai. Vous pouvez retrouver ces pourcentages ci-dessous.
 
Statistiques - réponses
Commune Population % Correct
Belfort 45 646
100%
Delle 5 677
81%
Danjoutin 3 531
58%
Valdoie 5 193
52%
Giromagny 2 897
50%
Bavilliers 4 641
44%
Essert 3 382
42%
Offemont 4 054
40%
Beaucourt 4 985
35%
Cravanche 1 935
35%
Meroux-Moval 1 420
33%
Grandvillars 2 963
29%
Bourogne 1 737
23%
Châtenois-les-Forges 2 637
23%
Joncherey 1 439
23%
Bessoncourt 1 304
21%
Chèvremont 1 566
17%
Étueffont 1 395
17%
Évette-Salbert 2 022
17%
Rougemont-le-Château 1 481
15%
Aucun quiz correspondant
Distribution des résultats
% des personnes avec chaque résultat
Percentile par nombre de réponses
Votre historique - résultats
Vous n’avez pas pris ce quiz